000 01061nam a2200253 i 4500
001 110738
003 ES-MaACL
007 t|
008 070124m19141925sp ||||1| spa d
080 _a348.1/.5
080 _a348.7/.8(460)
100 1 _aCampos y Pulido, José María.
_934290
245 1 0 _aLegislación y jurisprudencia canónica novísima y disciplina particular de España
_b: exposición y comentarios de las más recientes disposiciones dictadas en el Pontificado de Su Santidad Pío Papa X /
_cpor José M. Campos y Pulido.
260 _aMadrid :
_bHijos de Reus,
_c1914-1925.
300 _a5 v. ;
_c23 cm.
490 1 _aBiblioteca jurídica de autores españoles y extranjeros ;
_v12, 24-25, 33-34
650 1 7 _aDerecho canónico
_2embne
_911655
650 1 4 _aDerecho eclesiástico-
_zEspaña
_911704
830 0 _aBiblioteca jurídica de autores españoles y extranjeros ;
_v12, 24-25, 33-34
_9182228
852 _aES-MaACL
_jE-3033
852 _aES-MaACL
_jE-3045-46
852 _aES-MaACL
_jE-3054-55
999 _c110738
_d110738